Characters who left early Quiz Stats

 Plays Quiz not verified by Sporcle

Challenge
Share
Tweet
Embed
Score 0/20 Timer 05:00
0 Plays Today
Character Show % Correct
Kim Bauer24
76.2%
Gil GrissomCSI: Crime Scene Investigation
69.5%
Doug RossER
61%
Lana LangSmallville
59%
Rupert GilesBuffy the Vampire slayer
49.5%
NeelixStar Trek: Voyager
32.4%
Walt LloydLost
30.5%
Martha JonesDoctor Who
28.6%
Sam SeabourneThe West Wing
28.6%
OshaGame of Thrones
26.7%
Character Show % Correct
Lincoln 'LJ' Burrows JrPrison Break
23.8%
Micah SandersHeroes
21.9%
George HammondStargate: SG-1
19%
Andie McPheeDawson'sCreek
19%
Dianna BiersBattlestar Galactica
13.3%
Luke Wardthe OC
12.4%
Samantha CarterStargate: Atlantis
11.4%
Jeffrey SinclairBabylon 5
10.5%
Will TippinAlias
9.5%
Tom QuinnSpooks
5.7%

You're not logged in!

Compare scores with friends on all Sporcle quizzes.
OR
Log In

You Might Also Like...

Show Comments

Extras

Created Mar 22, 2015ReportNominate
Tags:Show Quiz, character, early

Top Quizzes Today


Score Distribution

Your Account Isn't Verified!

In order to create a playlist on Sporcle, you need to verify the email address you used during registration. Go to your Sporcle Settings to finish the process.

Report this User

Report this user for behavior that violates our Community Guidelines.

Details: